000 00567nam a2200241Ia 4500
003 OSt
005 20220924142740.0
006 a|||||r|||| 00| 0
007 ta
008 ASM
020 _c6.50
024 _a303166
037 _cTextual
040 _aARTS
_cARTS
_bASM
041 _2ASM
_aASM
082 _aO158,3N32,5, L5
100 _aBorgohain
245 0 _aHaladhiya charaye bad dhan khay
260 _c1975
650 _aASSAMESE LITERATURE
_911738
942 _hO158,3N32,5, L5
_cTEXL
_2CC
999 _c451829
_d451829